North Carolina Football: Top 10 All-Time Leaders - Statistics

General Stats
  • This quiz has been taken 11 times
  • The average score is 12 of 48
Answer Stats
Category # Player Amount % Correct
Passing Yards 5 Drake Maye 8,018
100%
Passing Yards 1 Sam Howell 10,283
78%
Rushing Yards 4 Omarion Hampton 3,565
67%
Receiving Yards 4 Josh Downs 2,483
56%
Interceptions T4 Deunta Williams 12
44%
Sacks 7 Lawrence Taylor 21.0
44%
Passing Yards 6 Marquise Williams 7,970
44%
Receiving Yards 10 Dwight Jones 2,163
33%
Sacks 10 Hilee Taylor 19.0
33%
Sacks 2 Julius Peppers 30.5
33%
Sacks T4 Marcus Jones 24.0
33%
Rushing Yards 5 Michael Carter 3,403
33%
Rushing Yards 1 Amos Lawrence 4,391
22%
Passing Yards 4 Bryn Renner 8,221
22%
Passing Yards 3 Darian Durant 8,754
22%
Rushing Yards 7 Don McCauley 3,172
22%
Receiving Yards 8 Dyami Brown 2,306
22%
Sacks 6 Kaimon Rucker 22.0
22%
Sacks 9 Kareem Martin 19.5
22%
Rushing Yards 3 Leon Johnson 3,693
22%
Passing Yards 10 Mike Thomas 4,368
22%
Rushing Yards T8 Natrone Means 3,074
22%
Receiving Yards 7 Octavus Barnes 2,398
22%
Receiving Yards 3 Quinshad Davis 2,614
22%
Receiving Yards 1 Ryan Switzer 2,912
22%
Passing Yards 2 T.J. Yates 9,377
22%
Interceptions T4 Bobby Cale 12
11%
Interceptions T4 Buddy Curry 12
11%
Receiving Yards 5 Corey Holliday 2,447
11%
Receiving Yards 6 Dazz Newsome 2,435
11%
Interceptions 1 Dré Bly 20
11%
Rushing Yards 10 Elijah Hood 2,580
11%
Rushing Yards T8 Ethan Horton 3,074
11%
Sacks 1 Greg Ellis 32.5
11%
Receiving Yards 2 Hakeem Nicks 2,840
11%
Passing Yards 9 Jason Stanicek 4,683
11%
Rushing Yards 6 Kelvin Bryant 3,267
11%
Interceptions 2 Lou Angelo 16
11%
Rushing Yards 2 Mike Voight 3,971
11%
Passing Yards 8 Mitch Trubisky 4,762
11%
Sacks T4 Quinton Coples 24.0
11%
Passing Yards 7 Ronald Curry 4,987
11%
Receiving Yards 9 Sam Aiken 2,195
11%
Interceptions 8 Steve Streater 11
11%
Sacks 3 Tomon Fox 30.0
11%
Interceptions 3 Tre Boston 13
11%
Interceptions T4 Trimane Goddard 12
11%
Sacks 8 William Fuller 20.0
11%
No matching quizzes found
Score Distribution
Percent of People with Each Score
Percentile by Number Answered
Your Score History
You have not taken this quiz